000 00873nam a22002175i 4500
001 166944
003 ES-MaACL
005 20250903011205.0
008 931126s18261827sp a |||| | spa d
040 _aCAT
_bspa
_cCAT
_dCCPB
080 _a51
100 1 _aVallejo, José Mariano,
_d1779-1846
_9139765
245 1 0 _aCompendio de matemáticas puras y mistas [sic] /
_cpor José Mariano Vallejo.
250 _a2ª ed., corr. y aum.
260 _aMadrid :
_b[s.n.],
_c1826-1827 (
_fImprenta que fue de García)
300 _a2 vol. (XVI, 365 p., 4 h. pleg. de láms.; VIII, 439, 18 p., 4 h. pleg. de láms.) ;
_c20 cm.
595 _aExiste otra ed. con identico pie de imp. en cuyo tit. consta: "mista"
650 7 _aMatemáticas
_2embne
_914814
852 _aES-MaACL
_jG-10095
_z-- Enc. hol.
_z-- Legado Calderón
_q-- Sólo t.I
999 _c166944
_d166944